Резьба по дереву

Detalles Bibliográficos
Autor Principal: Осипенко В. А. Вячеслав Анатольевич
Summary:Резьба по дереву требует художественного вкуса, знаний приемов работы, свойств древесины, ее обработки и отделки различными инструментами и материалами. Обладая большим опытом, Вячеслав Осипенко в доступной и увлекательной форме делится секретами этого непростого мастерства. Книга «Резьба по дереву» поможет не только начинающим резчикам освоить новые технологические приемы, но и расширить свой творческий кругозор опытным мастерам.
Idioma:ruso
Publicado: Москва, Профиздат, 2006
Series:Ремесло и рукоделие
Subjects:
Formato: MixedMaterials Libro
KOHA link:https://koha.lib.tpu.ru/cgi-bin/koha/opac-detail.pl?biblionumber=141980

MARC

LEADER 00000nam0a2200000 4500
001 141980
005 20231031142610.0
010 |a 5255014761 
035 |a (RuTPU)RU\TPU\book\153878 
090 |a 141980 
100 |a 20080828d2006 m y0rusy50 ca 
101 0 |a rus 
102 |a RU 
105 |a a z 000zy 
200 1 |a Резьба по дереву  |f В. А. Осипенко 
210 |a Москва  |c Профиздат  |d 2006 
215 |a 112 с.  |c ил. 
225 1 |a Ремесло и рукоделие 
330 |a Резьба по дереву требует художественного вкуса, знаний приемов работы, свойств древесины, ее обработки и отделки различными инструментами и материалами. Обладая большим опытом, Вячеслав Осипенко в доступной и увлекательной форме делится секретами этого непростого мастерства. Книга «Резьба по дереву» поможет не только начинающим резчикам освоить новые технологические приемы, но и расширить свой творческий кругозор опытным мастерам. 
610 1 |a искусство 
610 1 |a декоративно-прикладное искусство 
610 1 |a дерево 
610 1 |a резьба 
610 1 |a художественная обработка 
675 |a 745.51  |v 3 
700 1 |a Осипенко  |b В. А.  |g Вячеслав Анатольевич 
801 1 |a RU  |b 63413507  |c 20080828  |g PSBO 
801 2 |a RU  |b 63413507  |c 20080918  |g PSBO 
942 |c BK